| 000 | 00718nam a2200229Ia 4500 | ||
|---|---|---|---|
| 003 | OSt | ||
| 005 | 20220925182910.0 | ||
| 006 | a|||||r|||| 00| 0 | ||
| 007 | ta | ||
| 008 | 220923b |||||||| |||| 00| 0 eng d | ||
| 020 | _a8120201426 | ||
| 037 | _cGeneral Book | ||
| 040 |
_aRTL _cRTL _beng |
||
| 041 |
_2eng _aeng |
||
| 082 | _aX.2.N7V5, M6/SC | ||
| 100 | _aSHARMA R S Ed. | ||
| 245 | 0 |
_aSurvey of research in economic and social history of India _b A project sponsored by Indian council of social science research. |
|
| 260 |
_aDelhi _bAtanta publications _c1986 |
||
| 300 |
_axi,283p. _ccm. |
||
| 942 |
_hX.2.N7V5, M6/SC _cGB _2CC |
||
| 999 |
_c503442 _d503442 |
||